000 00725nam a2200229 a 4500
001 123
003 CO-ViMGA
008 141112s2004 ck r 000 u spa d
040 _aCO-ViMGA
_bspa
_cCO-ViMGA
082 0 4 _aCUBml
245 1 0 _aCuentos, mitos y leyendas para niños de América Latina
250 _a7
260 _aArgentina :
_bCerlac,
_c1981
300 _a78 p : il
490 _aLatinoaméricana
590 _aForma de adquisición : proyecto 2005 bibliomovil - - Precio :
_ 12.150 - - Ejemplares : 2
650 1 4 _aCUENTOS INFANTILES
_92743
650 1 4 _aCUENTOS PARA NIÑOS - LATINOAmérica
_94903
650 1 4 _aLEYENDAS LatinoaméricanaS
650 1 4 _aMITOLOGIA Latinoaméricana
_94905
942 _2ddc
_cBK
999 _c12373
_d12373